The Ramayana

Ramayana is one of the great epics of India. This story of Sri Rama by the great sage Valmiki is referred to as the Adi Kavya. Other famous versions of Ramayana include Shri Ram Charit Manas in avadhii by Goswami Tulasidas and Kambar's Kambaraamayanam in Tamil. The Ramayana has been a perennial...

全面介紹

Đã lưu trong:
書目詳細資料
格式: 圖書
語言:Undetermined
出版: New Delhi Children's Book Trust 2002
主題:
標簽: 添加標簽
沒有標簽, 成為第一個標記此記錄!
Thư viện lưu trữ: Trung tâm Học liệu Trường Đại học Cần Thơ
LEADER 01063nam a2200181Ia 4500
001 CTU_216902
008 210402s9999 xx 000 0 und d
082 |a 398.2054 
082 |b R165 
245 4 |a The Ramayana 
245 0 |c Rendered by, C. G. R. Kurup ; Illustrated by, B. G. Varma 
260 |a New Delhi 
260 |b Children's Book Trust 
260 |c 2002 
520 |a Ramayana is one of the great epics of India. This story of Sri Rama by the great sage Valmiki is referred to as the Adi Kavya. Other famous versions of Ramayana include Shri Ram Charit Manas in avadhii by Goswami Tulasidas and Kambar's Kambaraamayanam in Tamil. The Ramayana has been a perennial source of spiritual, cultural and artistic inspiration, not only to the people of India but also to the people all over the world. It has helped to mould the Hindu character and has inspired millions of people with the deepest of love and devotion. 
650 |a Children's stories,Chuyện của trẻ em 
904 |i Qhieu 
980 |a Trung tâm Học liệu Trường Đại học Cần Thơ